[Event "IECC O email"]
[Site "IECC email"]
[Date "2003.07.17"]
[Round "?"]
[White "Heyvaert, Philippe"]
[Black "Dimaliwat, Belinda"]
[Result "1-0"]
[WhiteElo "1204"]
[BlackElo "1279"]
[PlyCount "51"]
[EventDate "2003.??.??"]
[EventType "tourn (corr)"]
[EventRounds "6"]
[SourceTitle "Corr 2008"]
[Source "ChessBase"]
[SourceDate "2008.06.24"]
[SourceVersion "1"]
[SourceVersionDate "2008.06.24"]
[SourceQuality "1"]

1. d4 e6 2. c4 d5 3. Nc3 c6 4. cxd5 exd5 5. Bf4 Nf6 6. e3 Bd6 7. Bxd6 Qxd6 8. Bd3 0-0 9. Nf3 Bg4 10. 0-0 Nbd7 11. h3 Bh5 12. Be2 Rfe8 13. Nh4 Bxe2 14. Qxe2 Ne4 15. Qg4 Ndf6 16. Nxe4 Rxe4 17. Qxg7+ Kxg7 18. Nf5+ Kf8 19. Nxd6 Re7 20. Nf5 a5 21. Nxe7 Kxe7 22. f3 a4 23. b4 axb3 24. axb3 Rb8 25. Ra7 Kd6 26. Rfa1 1-0